Computer communication networks

Đã lưu trong:
書目詳細資料
主要作者: Achyut S Godbole
格式: 圖書
語言:Undetermined
出版: New Delhi Tata McGrawHill 2004
主題:
標簽: 添加標簽
沒有標簽, 成為第一個標記此記錄!
Thư viện lưu trữ: Trung tâm Học liệu Trường Đại học Cần Thơ
LEADER 00512nam a2200193Ia 4500
001 CTU_87501
008 210402s9999 xx 000 0 und d
020 |c 107000 
082 |a 004.6 
082 |b G577 
100 |a Achyut S Godbole 
245 0 |a Computer communication networks 
245 0 |c Achyut S Godbole, Atul Kahate 
260 |a New Delhi 
260 |b Tata McGrawHill 
260 |c 2004 
650 |a computer networks 
904 |i Giang 
980 |a Trung tâm Học liệu Trường Đại học Cần Thơ